| 000 | 00354nam a2200145Ia 4500 | ||
|---|---|---|---|
| 008 | 200615s9999||||xx |||||||||||||| ||und|| | ||
| 020 | _a8174463402 | ||
| 082 |
_a650 _bENV-N |
||
| 100 | _aN.K. UBEROI, | ||
| 245 | 0 | _aENVIRONMENTAL MANAGEMENT | |
| 250 | _aPAPERBACK; 2004-05-15 | ||
| 260 |
_anew delhi _bEXCEL BOOKS _c2017 |
||
| 300 | _a260 | ||
| 942 | _cBK | ||
| 999 |
_c26909 _d26909 |
||